000 00661nam a2200217Ia 4500
005 20241129105835.0
008 241129s9999||||xx |||||||||||||| ||und||
020 _a978-93-94262-45-4
037 _aTB
040 _aARTS
_beng
_cARTS
041 _aeng
_2eng
084 _aV26271.N47 R3
_qARTS
100 _aDasgupta Dipanwita Au.
_9726477
245 0 _aRavaged paradise: environmental history of colonial Darjeeling Himalaya (1835-1947)
_cDasgupta Dipanwita Au.
260 _aNew Delhi, India
_bNew Manohar
_c2000
300 _a233p.
365 _aINR
_b1425
650 _aHistory
942 _cTB
_hV26271.N47 R3
999 _c1226230
_d1226230